Infancia y sociedad
Zapisane w:
| 1. autor: | |
|---|---|
| Format: | Książka |
| Język: | hiszpański |
| Wydane: |
Buenos Aires
Lumen
1993
|
| Wydanie: | 12a. ed |
| Hasła przedmiotowe: | |
| Etykiety: |
Dodaj etykietę
Nie ma etykietki, Dołącz pierwszą etykiete!
|
MARC
| LEADER | 00000nam a2200000 a 4500 | ||
|---|---|---|---|
| 001 | UCP3106 | ||
| 003 | CL-VaPUC | ||
| 005 | 20240130123208.0 | ||
| 008 | 990611e19930000AG |||||||||||||||||spa|d | ||
| 999 | |c 281535 |d 281533 | ||
| 040 | |c Pontificia Universidad Católica de Valparaíso | ||
| 082 | 0 | 4 | |a 155.4 |b ERI |2 21 |
| 100 | 0 | |a Erikson, Erik H |e author |9 343603 | |
| 245 | 1 | 0 | |a Infancia y sociedad |
| 250 | |a 12a. ed | ||
| 260 | |a Buenos Aires |b Lumen |c 1993 | ||
| 300 | |a 382 p | ||
| 583 | |a last modification |c 20130107 12:05:05 |k Rodrigo Vera | ||
| 650 | 0 | |a Psicología del niño |9 307305 | |
| 650 | 0 | |a Psicología de la adolescencia |9 887404 | |
| 650 | 0 | |a Psicología social |9 222894 | |
| 650 | 0 | |a Desarrollo Personal |9 390751 | |
| 650 | 0 | |a Identidad |9 336178 | |
| 942 | |c BK |2 ddc | ||
| 945 | |d 19990611 00:00:00 |a rbrito | ||
| 952 | |0 0 |1 0 |4 0 |6 155_400000000000000_ERI_1993 |7 0 |8 R |9 322315 |a BIBGIM |b BIBGIM |d 2019-11-20 |i 3529746 |o 155.4 ERI 1993 |p 3529746 |r 2025-01-15 |w 2019-11-20 |y BK_R |k SSL | ||